| 000 | 01479aam a22003134i 4500 | ||
|---|---|---|---|
| 001 | 991061504180706706 | ||
| 003 | ES-BaIT | ||
| 005 | 20251015085250.0 | ||
| 008 | 251006e202503 spc||||| |||||0|| j cat|c | ||
| 017 |
_aDL B 6094-2025 _bBiblioteca de Catalunya |
||
| 020 | _a9788412800074 | ||
| 040 |
_aES-BaIT _bcat _erda _cES-BaIT |
||
| 080 | _a849.9-2"19" | ||
| 245 | 0 | 3 |
_aLa Cua del dromedari / _cCarles Batlle. _bLa ventafocs de Teià / Ada Castells |
| 250 | _aPrimera edició | ||
| 264 | 1 |
_aAlella : _bVibop, _cmarç del 2025 |
|
| 300 |
_a69 pàgines ; _c16 cm |
||
| 336 |
_atext _btxt _2rdacontent |
||
| 337 |
_asense mediació _bn _2rdamedia |
||
| 338 |
_avolum _bnc _2rdacarrier |
||
| 490 | 1 |
_aLletresceness ; _v21 |
|
| 520 | _a"Dos escriptors passen dos dies a Teià, durant el festival Lletrescena, de literatura i dramatúrgia, entrant en contacte amb una comunitat, amb un paisatge. A posteriori, escriuen una ficció posant el poble com a escenari. A La cua del dromedari fabula una història a partir d'una pintura mural escrita en català i La Ventafocs de Teià és una història coral de personatges curiosos, amb les seves històries i desitjos amagats." -- Pàgina web llibreria Ona | ||
| 700 | 1 | 2 |
_iContenidor de (obra ): _aBatlle, Carles, _d1963- _tCua del dromedari _9167487 |
| 700 | 1 | 2 |
_iContenidor de (obra ): _aCastells, Ada. _t Ventafocs de Teià _9167488 |
| 830 |
_aLletrescenes _v21 _9167489 |
||
| 908 | _aCDMAE | ||
| 940 | _aCVA2 | ||
| 942 |
_2udc _c1 |
||
| 999 |
_c136677 _d136677 |
||